| 000 | 00683nam a22001457a 4500 | ||
|---|---|---|---|
| 999 |
_c525975 _d525975 |
||
| 008 | 240429b ||||| |||| 00| 0 eng d | ||
| 100 |
_aDemertzis, Maria _944762 |
||
| 245 | _aMiller, Chris. Chip war: The fight for the world’s most critical technology | ||
| 260 | _aJournal of Economic Literature | ||
| 300 | _a62(1). Mar, 2024: p.329-330 | ||
| 520 | _aDemertzis, Maria. 2024. "Miller, Chris. Chip War: The Fight for the World’s Most Critical Technology." Journal of Economic Literature, 62 (1): 329-30. – Reproduced https://www.aeaweb.org/articles?id=10.1257/jel.62.1.317.r8 | ||
| 773 | _aJournal of Economic Literature | ||
| 906 | _aBOOK REVIEW | ||
| 942 | _cAR | ||